Iso-Britannian suurimmat kaupungit • A-Z - Statistics

Yleistilastot
  • Tätä visaa on pelattu 235 kertaa
  • Keskiarvotulos 7 / 20
Vastaustilastot
# ~Pop. Iso brittikaupunki % Oikein
L 7,375,000 Lontoo
98%
M 503,000 Manchester
87%
B 1,092,000 Birmingham
73%
E 469,000 Edinburgh
68%
G 603,000 Glasgow
67%
C 346,000 Cardiff
53%
N 280,000 Newcastle
50%
O 152,000 Oxford
42%
Y 198,000 York
41%
A 189,000 Aberdeen
37%
S 553,000 Sheffield
36%
P 256,000 Plymouth
24%
I 58,000 Inverness
14%
R 330,000 Reading
12%
D 249,000 Derby
9%
K 389,000 Kingston upon Hull
6%
F 250,000 Farnborough
1%
H 135,000 High Wykombe
0%
T 125,000 Telford
0%
W 356,000 Wakefield
0%
Ehtoja vastaavia visoja ei löytynyt
Tulosjakauma
Jokaisen tuloksen saaneiden osuus
Persentiili vastausten määrän mukaan
Tuloshistoriasi
Et ole pelannut tätä visaa